<?xml version="1.0" encoding="UTF-8"?>
<record
    xmlns:xsi="http://www.w3.org/2001/XMLSchema-instance"
    xsi:schemaLocation="http://www.loc.gov/MARC21/slim http://www.loc.gov/standards/marcxml/schema/MARC21slim.xsd"
    xmlns="http://www.loc.gov/MARC21/slim">

  <leader>01593nam a2200325 a 4500</leader>
  <controlfield tag="005">20240412113826.0</controlfield>
  <controlfield tag="008">100810t1983||||ag     f |||| 001 0 spa d</controlfield>
  <datafield tag="020" ind1=" " ind2=" ">
    <subfield code="a">9500690179</subfield>
  </datafield>
  <datafield tag="041" ind1=" " ind2=" ">
    <subfield code="a">spa</subfield>
  </datafield>
  <datafield tag="092" ind1=" " ind2=" ">
    <subfield code="c">364.15</subfield>
    <subfield code="l">83</subfield>
    <subfield code="s">TIE</subfield>
  </datafield>
  <datafield tag="100" ind1="1" ind2=" ">
    <subfield code="a">Tieghi, Osvaldo N.</subfield>
    <subfield code="9">3007</subfield>
  </datafield>
  <datafield tag="245" ind1=" " ind2=" ">
    <subfield code="a">Delitos sexuales.</subfield>
    <subfield code="b">T.1 Adulterio. Concubinato. Amancebamiento marital. Violacion. Lesiones y homicidio sexuales. Asesinato por lubricidad. Contagio ven&#xE9;reo. Pederastia. Sodom&#xED;a. Homosexualidad. Incesto. Abuso deshonesto y de adolescentes /</subfield>
    <subfield code="c">Osvaldo N. Tieghi.</subfield>
  </datafield>
  <datafield tag="250" ind1=" " ind2=" ">
    <subfield code="a">1a ed.</subfield>
  </datafield>
  <datafield tag="260" ind1=" " ind2=" ">
    <subfield code="a">Buenos Aires: </subfield>
    <subfield code="b">Editorial Abaco;</subfield>
    <subfield code="c">1983.</subfield>
  </datafield>
  <datafield tag="300" ind1=" " ind2=" ">
    <subfield code="a">477 p.</subfield>
  </datafield>
  <datafield tag="500" ind1=" " ind2=" ">
    <subfield code="a">Tieghi, O. N. (1983). Delitos sexuales. T.1 (1a ed.). Buenos Aires : Editorial Abaco.</subfield>
  </datafield>
  <datafield tag="653" ind1=" " ind2=" ">
    <subfield code="a">Etimolog&#xED;a, concepto e historia del adulterio</subfield>
  </datafield>
  <datafield tag="653" ind1=" " ind2=" ">
    <subfield code="a">Adulterio en la legislaci&#xF3;n penal Argentina</subfield>
  </datafield>
  <datafield tag="653" ind1=" " ind2=" ">
    <subfield code="a">Concubinato, barraganer&#xED;a y amancebamiento marital</subfield>
  </datafield>
  <datafield tag="653" ind1=" " ind2=" ">
    <subfield code="a">Etimolog&#xED;a y concepto juridico de violaci&#xF3;n</subfield>
  </datafield>
  <datafield tag="653" ind1=" " ind2=" ">
    <subfield code="a">Supuestos de violaci&#xF3;n: violaci&#xF3;n propia e impropia; con violencia real: fisica y moral</subfield>
  </datafield>
  <datafield tag="653" ind1=" " ind2=" ">
    <subfield code="a">Supuestos de violaci&#xF3;n: violaci&#xF3;n con violencia supuesta o inductiva</subfield>
  </datafield>
  <datafield tag="653" ind1=" " ind2=" ">
    <subfield code="a">Supuestos de violaci&#xF3;n: violaci&#xF3;n con violencia presunta o inductiva</subfield>
  </datafield>
  <datafield tag="653" ind1=" " ind2=" ">
    <subfield code="a">Acceso carnal</subfield>
  </datafield>
  <datafield tag="653" ind1=" " ind2=" ">
    <subfield code="a">Delito de incesto y las causas de agravaci&#xF3;n del art&#xED;culo 122 del c&#xF3;digo penal</subfield>
  </datafield>
  <datafield tag="653" ind1=" " ind2=" ">
    <subfield code="a">Tentativa y concurso</subfield>
  </datafield>
  <datafield tag="653" ind1=" " ind2=" ">
    <subfield code="a">Abuso deshonesto y ultraje ciolento al pudor. Concepto</subfield>
  </datafield>
  <datafield tag="653" ind1=" " ind2=" ">
    <subfield code="a">Abuso deshonesto en la legislaci&#xF3;n Argentina</subfield>
  </datafield>
  <datafield tag="942" ind1=" " ind2=" ">
    <subfield code="2">ddc</subfield>
    <subfield code="c">BK</subfield>
  </datafield>
  <datafield tag="999" ind1=" " ind2=" ">
    <subfield code="c">2211</subfield>
    <subfield code="d">2211</subfield>
  </datafield>
  <datafield tag="952" ind1=" " ind2=" ">
    <subfield code="0">0</subfield>
    <subfield code="1">0</subfield>
    <subfield code="2">ddc</subfield>
    <subfield code="4">0</subfield>
    <subfield code="7">0</subfield>
    <subfield code="a">BFM</subfield>
    <subfield code="b">BFM</subfield>
    <subfield code="c">CR</subfield>
    <subfield code="d">2015-09-21</subfield>
    <subfield code="e">Donaci&#xF3;n Jaime Novodvoretz, Septiembre 2015</subfield>
    <subfield code="l">0</subfield>
    <subfield code="o">364.15 83 TIE</subfield>
    <subfield code="p">3551</subfield>
    <subfield code="r">2015-09-21</subfield>
    <subfield code="t">Ej.1</subfield>
    <subfield code="w">2015-09-21</subfield>
    <subfield code="y">BK</subfield>
    <subfield code="z">Donaci&#xF3;n Jaime Novodvoretz, Septiembre 2015</subfield>
  </datafield>
</record>
